SOVETSKIJE ARCHÍVY

Bibliographic Details
Main Author: Draškaba, Peter, 1945- (Author)
Format: Article
Language:Slovak

MARC

LEADER 00000nab a2200000uu 4500
001 vtls010877447
003 SK-MaSNL
005 20260303145139.0
008 230222|1977 xo |||||||||||||||||slo|
015 |a SNBRB 
035 |a (urnnbn)urn:nbn:sk:snk:ar-005rqg 
035 |a (uuid)e4300bc1-5f4e-4934-9e21-05621d3d2dd2 
035 |a urn:nbn:sk:snk-ab7lv3 
040 |a SNKBUCL  |b slo  |c SNKBUCL  |e AACR2 
041 0 |a slo 
044 |a xo  |c SK 
100 1 |a Draškaba, Peter,  |d 1945-  |4 aut  |9 111744 
245 1 0 |a SOVETSKIJE ARCHÍVY  |c Peter Draškaba 
773 0 |t Slovenská archivistika  |g Roč. 12, č. 1 (1977), s. 174-178 
954 |a odborná, vedecká literatúra pôvodná (slovenská)  |2 lita 
958 |a OND 
958 |a EUIPO 
958 |a article8 
999 |c 2000884  |d 2002814